Una història d'un poble : Els Prats de Rei / Els Prats de Rei /
ISBN:
9788409677283
Descripción Física:
[37] pàg. ; il·lustracions color ; 23 cm.
Idioma:
Catalán
MARC
| LEADER | 00000nam a22000007a 4500 | ||
|---|---|---|---|
| 001 | 28893 | ||
| 003 | AGDB | ||
| 005 | 20260324181532.0 | ||
| 008 | 250604b spa||||| |||| 00| 0 cat d | ||
| 017 | |a B 22652-2024 | ||
| 020 | |a 9788409677283 | ||
| 040 | |a agdb |b cat | ||
| 100 | 1 | |a Garcia, Anna, |d 1961- |9 72107 |e text | |
| 245 | |a Una història d'un poble : |b Els Prats de Rei / |c Text: Anna Garcia i Laia Forcadell ; Il·lustracions: Elisabet Serra | ||
| 250 | |a Desembre 2024 | ||
| 260 | |a Prats de Rei : |b Ajuntament dels Prats de Rei ; |c 2024 | ||
| 300 | |a [37] pàg. ; |b il·lustracions color ; |c 23 cm. | ||
| 651 | 0 | |a Prats de Rei (Catalunya) |x Història |v Llibres per a infants |9 72109 | |
| 655 | 0 | |a Contes infantils |9 67183 | |
| 700 | 1 | |a Forcadell, Laia |9 72108 |e text | |
| 700 | 1 | |a Serra, Elisabet, |d 1986- |9 70174 |e il·lustracions | |
| 710 | 1 | |a Prats de Rei (Catalunya). |b Ajuntament |9 55506 |e edita | |
| 942 | |c ARXIU |n 1 | ||
| 952 | |0 0 |1 0 |4 0 |6 BIB1291 |7 1 |9 98148 |a Arxiu |b Arxiu |d 2025-06-04 |l 0 |o Bib-1291 |p 28893 |r 2025-06-04 00:00:00 |w 2025-06-04 |y ARXIU | ||
| 999 | |c 129926 |d 129926 | ||